000 00510nam a22001697a 4500
005 20251108172523.0
008 250721s1996 xx 000 0 ara d
082 1 4 _a344.01/ياس
100 1 _aباي، يوسف
245 1 0 _aمحاضرات في قوانين العمل العربية /
264 1 _aعمان :
_bمكتبة دار الثقافة للنشر،
_c1996.
300 _a290ص.
650 1 7 _aقانون العمل
650 1 7 _aتشريعات العمل
942 _2ddc
_cBK
999 _c81481
_d81481